000 00638nam a2200193 4500
001 136848
003 ES-MaACL
005 20231230063003.0
007 t|
008 070214m19541956sp r ||||1| spa d
100 1 _aSainz de Robles, Federico Carlos,
_d1898-1982
_9101593
245 1 0 _aPanorama literario
_b: (Al margen de libros : notas y comentarios) /
_cFederico Carlos Sainz de Robles.
260 _aMadrid :
_b[s. n.],
_c1954-56 (
_fGráf. Clemares)
300 _a3 v. ;
_c18 cm.
490 1 _aEl grifón ;
_v20, 29
830 0 _aEl grifón ;
_v20, 29
_9181273
852 _aES-MaACL
_jE-3735-7
_bR.37093
999 _c136848
_d136848